00397nam a2200157Ia 4500003000400000008004100004040001600045082001300061100001800074245004600092260003000138300001000168490002400178650001500202650002200217GCL140319s9999 xx 000 0 eng d aGCL / cGCL04a843bA D1 aANOUILH, JEAN10aLE DIRECTEUR DE L'OPERA / cANOUILH, JEAN a[S.N] : bFOLIO ، c1978 a250 P aCOLLECTION FOLIOv004aLITERATURE04aFRENCH LITERATURE